| 000 -LEADER |
| fixed length control field |
00747nam a22002057a 4500 |
| 001 - CONTROL NUMBER |
| control field |
21395 |
| 003 - CONTROL NUMBER IDENTIFIER |
| control field |
BD-DhUAP |
| 005 - DATE AND TIME OF LATEST TRANSACTION |
| control field |
20220111205002.0 |
| 008 - FIXED-LENGTH DATA ELEMENTS--GENERAL INFORMATION |
| fixed length control field |
220105b19972021bg ||||| |||| 000 0 eng d |
| 040 ## - CATALOGING SOURCE |
| Original cataloging agency |
BD-DhUAP |
| Language of cataloging |
eng |
| Transcribing agency |
BD-DhUAP |
| Modifying agency |
BD-DhUAP |
| 082 ## - DEWEY DECIMAL CLASSIFICATION NUMBER |
| Edition number |
23 |
| Classification number |
954 NAT |
| 245 ## - TITLE STATEMENT |
| Title |
জাতির জনক : |
| Remainder of title |
বঙ্গবন্ধু শেখ মুজিবুর রহমান । |
| 250 ## - EDITION STATEMENT |
| Edition statement |
৬ষ্ঠ প্রকাশ, |
| 260 ## - PUBLICATION, DISTRIBUTION, ETC. |
| Place of publication, distribution, etc. |
Dhaka : |
| Name of publisher, distributor, etc. |
Father of the nation Bangabandhu Sheikh Mujibur Rahaman Memorial Trust. |
| Date of publication, distribution, etc. |
2021. |
| 300 ## - PHYSICAL DESCRIPTION |
| Extent |
244 p. : |
| Other physical details |
ill. ; |
| Dimensions |
28 cm. |
| 650 ## - SUBJECT ADDED ENTRY--TOPICAL TERM |
| Topical term or geographic name entry element |
Rahman, Sheikh Mujibur. |
| General subdivision |
Biography. |
| 700 ## - ADDED ENTRY--PERSONAL NAME |
| Personal name |
হাসিনা, শেখ । |
| 700 ## - ADDED ENTRY--PERSONAL NAME |
| Personal name |
রেহানা, শেখ । |
| 942 ## - ADDED ENTRY ELEMENTS (KOHA) |
| Source of classification or shelving scheme |
|
| Koha item type |
Book |